| 000 | 01243nam a2200241Ia 4500 | ||
|---|---|---|---|
| 003 | Ost | ||
| 005 | 20260507075632.0 | ||
| 008 | 260507s9999||||xx |||||||||||||| ||und|| | ||
| 020 | _a9957060767 | ||
| 040 | _cfsecg | ||
| 041 | _aara | ||
| 082 | _a657.46 | ||
| 100 |
_aالراوي، خالد وهيب _eمؤلف |
||
| 245 | 0 |
_aالتحليل المالي للقوائم المالية والإفصاح المحاسبي / _c خالد وهيب الراوي |
|
| 260 |
_aعمان: _bدار المسيرة للنشر والتوزيع, _c2000 |
||
| 300 |
_a493 صفحة؛ _c24 سم |
||
| 520 | _aتجد في هذا الكتاب : التحليل المالي ،القوائم المالية ، تحليل التعادل ،التخطيط المالي والموازنات التقديرية ،نظرة هيكل رأس المال تقيم المشروعات الإستثمارية ،أهمية الإفصاح المحاسبي في التحليل المالي ، المخزون السلعي ،سياسة رأس المال . | ||
| 653 | _aالإفصاح المحاسبي | ||
| 653 | _aالقوائم المالية | ||
| 653 | _aالمحاسبة المالية | ||
| 700 |
_aسعادة، يوسف _eمؤلف ثانوي |
||
| 942 | _cكتاب | ||
| 999 |
_c45224 _d45224 |
||